Geografía económica argentina /
Guardado en:
| Autor Principal: | |
|---|---|
| Formato: | Libro |
| Publicado: |
Buenos Aires :
El Ateneo,
1997
|
| Edición: | 2a. ed. |
| Series: | Temas
|
| Materias: | |
| Etiquetas: |
Agregar Etiqueta
Sin Etiquetas, Sea el primero en etiquetar este registro!
|
| LEADER | 02197nam a22002535a 4500 | ||
|---|---|---|---|
| 001 | CEM.cems009702 | ||
| 005 | 20080821085055.0 | ||
| 008 | 130507s1997##################000#0#####d | ||
| 003 | CEMS | ||
| 020 | |a 950023632X | ||
| 082 | 0 | 4 | |a 330.982 |
| 100 | 1 | |a Roccatagliata, Juan A. | |
| 245 | 1 | 0 | |a Geografía económica argentina / |c Coordinado Por Juan A. Roccatagliata |
| 250 | |a 2a. ed. | ||
| 260 | |a Buenos Aires : |b El Ateneo, |c 1997 | ||
| 300 | |a 498 p. | ||
| 490 | 0 | |a Temas | |
| 505 | 0 | |a Historia del pensamiento en geografía económica / Juan A. Roccatagliata -- Historia del pensamiento en geografía económica / Analía S. Conte -- Ambiente, recursos naturales y desarrollo sustentable / Albina L. Lara -- Economía ecológica y contaminación agraria / Alicia N. Iglesias -- El sistema de asentamientos / Cecilia Erbiti -- Población y economía / Ana Jofre -- Cambios recientes en el proceso de desarrollo capitalista. La desregulación y su impacto en el territorio / Alberto Hugo Peláez -- Fuentes de energía / Domingo García -- El transporte. Algunas consideraciones actuales / Juan A. Roccatagliata -- Los ferrocarriles. Breves consideraciones sobre los sistemas en América latina. El caso argentino ante la experiencia internacional / Juan A. Roccatagliata -- Geografía del transporte aéreo en la Argentina. Historia de su evolución, funcionamiento y expansión, crisis y perspectivas / Carlos Alberto Ballistrieri -- Impacto espacial de los grandes proyectos de inversión / Adriana S. Martínez -- Estructura regional y organizacional territorial / Albina L. Lara y Diana Durán -- Región Metropolitana Buenos Aires: estructuración, problemática y aspectos de cambio / Manuel Antonio Ludueña -- El proceso de integración / Cristina Castro Padula -- Exportaciones y economías regionales / Ricardo C. J. Crespo -- Territorios en transformación. Crisis, cambio y nuevas políticas territoriales / Juan A. Roccatagliata | |
| 653 | |a Argentina-demografía | ||
| 653 | |a Argentina-transporte | ||
| 653 | |a Economía argentina | ||
| 653 | |a Geografía argentina | ||
| 653 | |a Geografía económica argentina | ||
| 859 | |a CEMS |b BIB. CEMS - 11 de abril |h 330.982 |i R581-2a2 |p 19943.98 |t Ej.1 | ||
